|
|
|
|
| LEADER |
00000nam a2200000 a 4500 |
| 001 |
UCU3883 |
| 003 |
CL-VaPUC |
| 008 |
960510e19720000SP |||||||||||||||||spa|d |
| 082 |
0 |
4 |
|a 519.72
|b SIM
|2 21
|
| 100 |
0 |
|
|a Simonnard, M
|e author
|9 361095
|
| 245 |
1 |
0 |
|a Programación lineal
|
| 300 |
|
|
|a 527 p
|
| 942 |
|
|
|c BK
|
| 945 |
|
|
|d 19960510 00:00:00
|a lriquelm
|
| 260 |
|
|
|a Madrid
|b Paraninfo
|c 1972
|
| 650 |
|
0 |
|a Programación lineal
|9 23
|
| 650 |
|
0 |
|a Algoritmos
|9 260639
|
| 650 |
|
0 |
|a Optimización
|9 339671
|
| 650 |
|
0 |
|a Programación matemática
|9 260785
|
| 650 |
|
0 |
|a Gráficas
|9 264054
|
| 583 |
|
|
|a last modification
|c 19960510 00:00:00
|k Rodrigo Vera
|
| 999 |
|
|
|c 247747
|d 247745
|
| 952 |
|
|
|0 0
|1 0
|4 0
|6 519_720000000000000_SIM_1972
|7 0
|8 A
|9 263883
|a BIBING
|b BIBING
|d 2019-11-19
|i 1657356
|l 1
|o 519.72 SIM 1972
|p 1657356
|r 2025-01-20
|s 2023-09-20
|w 2019-11-19
|y BK
|k EII
|